00407nam a2200121Ia 4500008004100000100002200041245005700063245002300120260000900143856004100152999001900193952007300212160531s9999 xx 000 0 und d aAltarelli, Guido. aCollider Physics within the Standard Model: a Primer cby Guido Altarelli c2013 uhttp://arxiv.org/pdf/1303.2842v2.pdf c295248d295248 001040aCLbCLd2016-05-31l0r2016-05-31 00:00:00w2016-05-31yCBE